[Event "Jundiai op"]
[Site "Jundiai"]
[Date "2023.04.15"]
[Round "3"]
[White "Reis, Arnaldo Ulisses"]
[Black "Zamlutti Junior, Rene"]
[Result "1/2-1/2"]
[WhiteElo "1731"]
[BlackElo "1166"]
[PlyCount "94"]
[EventDate "2023.04.14"]
[EventType "swiss"]
[EventRounds "5"]
[EventCountry "BRA"]
[SourceTitle "CBM 213 Extra"]
[Source "ChessBase"]
[SourceDate "2023.05.31"]
[SourceVersion "1"]
[SourceVersionDate "2023.05.31"]
[SourceQuality "1"]

1. e4 c5 2. Nc3 Nc6 3. g3 d6 4. Bg2 e6 5. d3 Nf6 6. Nge2 Be7 7. 0-0 0-0 8. h3 Rb8 9. Be3 a6 10. a4 Bd7 11. f4 b5 12. axb5 axb5 13. Qd2 Qc7 14. Ra2 b4 15. Nd1 Ra8 16. Rxa8 Rxa8 17. Nf2 Ra2 18. Rb1 Qa5 19. Kh2 h6 20. Qd1 e5 21. f5 Ne8 22. c3 Nc7 23. c4 Qa4 24. b3 Qa7 25. h4 Ne8 26. Nc1 Ra1 27. Qc2 Rxb1 28. Qxb1 Qa3 29. Qa2 Qxa2 30. Nxa2 Na5 31. Nc1 f6 32. h5 Nc7 33. Bf3 Na6 34. Bd1 Nb8 35. g4 Kh7 36. Kg3 Be8 37. Bc2 Nbc6 38. Nd1 Bd7 39. Ne2 Nb7 40. Nb2 Nba5 41. Na4 Bd8 42. Nb2 Nb7 43. Nd1 Nba5 44. Bc1 Nb7 45. Ne3 Ne7 46. Bb2 Bb6 47. Ng1 Kg8 1/2-1/2

[Event "Jundiai op"]
[Site "Jundiai"]
[Date "2023.04.15"]
[Round "2"]
[White "Zamlutti Junior, Rene"]
[Black "Van Riemsdijk, Dirk Dagobert"]
[Result "0-1"]
[WhiteElo "1166"]
[BlackElo "1819"]
[PlyCount "68"]
[EventDate "2023.04.14"]
[EventType "swiss"]
[EventRounds "5"]
[EventCountry "BRA"]
[SourceTitle "CBM 213 Extra"]
[Source "ChessBase"]
[SourceDate "2023.05.31"]
[SourceVersion "1"]
[SourceVersionDate "2023.05.31"]
[SourceQuality "1"]

1. d4 Nf6 2. c4 g6 3. Nc3 Bg7 4. g3 d6 5. Bg2 0-0 6. e4 c6 7. Nge2 e5 8. d5 cxd5 9. cxd5 a6 10. a3 b5 11. Bd2 Nbd7 12. b4 Nb6 13. 0-0 Bd7 14. h3 Rc8 15. f4 exf4 16. Bxf4 Nc4 17. Kh2 Nh5 18. Bc1 Be5 19. Qd3 f5 20. Nf4 Ng7 21. Ra2 Qe7 22. Qc2 Nb6 23. Nfe2 Na4 24. Bd2 Rc4 25. Qd3 Nxc3 26. Nxc3 fxe4 27. Rxf8+ Qxf8 28. Nxe4 Nh5 29. Be1 Bf5 30. Rf2 Bxg3+ 31. Nxg3 Bxd3 32. Rxf8+ Kxf8 33. Nxh5 gxh5 34. Bg3 Ke7 0-1

[Event "Taubate op 3rd"]
[Site "Taubate"]
[Date "2022.12.03"]
[Round "4"]
[White "Ferreira de Souza, Ricardo"]
[Black "Zamlutti Junior, Rene"]
[Result "1-0"]
[WhiteElo "1382"]
[BlackElo "1122"]
[PlyCount "36"]
[EventDate "2022.12.01"]
[EventType "swiss"]
[EventRounds "6"]
[EventCountry "BRA"]
[SourceTitle "CBM 211 Extra"]
[Source "ChessBase"]
[SourceDate "2023.01.31"]
[SourceVersion "1"]
[SourceVersionDate "2023.01.31"]
[SourceQuality "1"]

1. e4 c5 2. Nf3 d6 3. Bc4 e6 4. 0-0 Nf6 5. Re1 Be7 6. d4 0-0 7. e5 dxe5 8. Rxe5 Nc6 9. Rg5 Nxd4 10. Nxd4 Qxd4 11. Bd3 b6 12. Nc3 a6 13. Qf3 Ra7 14. Be3 Qd8 15. Rd1 Rd7 16. Qg3 Nh5 17. Rxh5 g6 18. Rh3 Bf6 1-0

[Event "BRA Amateur-ch U1400"]
[Site "Sao Paulo"]
[Date "2022.11.05"]
[Round "6"]
[White "Gravina, Miguel Vigolo"]
[Black "Zamlutti Junior, Rene"]
[Result "1/2-1/2"]
[WhiteElo "1056"]
[BlackElo "1776"]
[PlyCount "42"]
[EventDate "2022.11.03"]
[EventType "swiss"]
[EventRounds "7"]
[EventCountry "BRA"]
[SourceTitle "CBM 211 Extra"]
[Source "ChessBase"]
[SourceDate "2023.01.31"]
[SourceVersion "1"]
[SourceVersionDate "2023.01.31"]
[SourceQuality "1"]

1. Nf3 Nf6 2. e3 g6 3. d4 d6 4. Nbd2 Nbd7 5. Bd3 Bg7 6. b3 b6 7. Bb2 Bb7 8. 0-0 0-0 9. Re1 c6 10. c4 e6 11. Rc1 a5 12. Qc2 Re8 13. Qc3 d5 14. a3 Rc8 15. h3 Ba6 16. c5 Bxd3 17. Qxd3 b5 18. b4 a4 19. Rc2 Qc7 20. Re2 Re7 21. Rc1 Rce8 1/2-1/2

[Event "BRA-ch Amateur U1600"]
[Site "Sao Paulo"]
[Date "2022.06.16"]
[Round "2"]
[White "Favareto, Luca Perosa"]
[Black "Zamlutti Junior, Rene"]
[Result "1/2-1/2"]
[WhiteElo "1211"]
[BlackElo "1800"]
[PlyCount "74"]
[EventDate "2022.06.16"]
[EventType "swiss"]
[EventRounds "7"]
[EventCountry "BRA"]
[SourceTitle "CBM 208 Extra"]
[Source "ChessBase"]
[SourceDate "2022.07.31"]
[SourceVersion "1"]
[SourceVersionDate "2022.07.31"]
[SourceQuality "1"]

1. e4 c5 2. Nf3 d6 3. d4 cxd4 4. Nxd4 Nf6 5. Nc3 a6 6. f3 e5 7. Nb3 h5 8. Be3 Be6 9. Qd2 b5 10. a4 b4 11. Nd5 Bxd5 12. exd5 a5 13. 0-0-0 Be7 14. Qf2 Nbd7 15. Qg3 g6 16. f4 exf4 17. Qxf4 0-0 18. Be2 Nb6 19. Bxb6 Qxb6 20. Kb1 Rfc8 21. Rhf1 Qc7 22. Nd4 Rf8 23. Nc6 Nxd5 24. Rxd5 Qxc6 25. Rxh5 Qxg2 26. Rf3 Qxe2 27. Qh6 Qe1+ 28. Ka2 Qe6+ 29. b3 gxh5 30. Rg3+ Qg6 31. Rxg6+ fxg6 32. Qxg6+ Kh8 33. Qxh5+ Kg7 34. Qg4+ Kf6 35. Qf4+ Ke6 36. Qe4+ Kd7 37. Qb7+ Ke6 1/2-1/2